[Event "Rated Blitz game"]
[Site "?"]
[Date "2021.06.11"]
[Round "?"]
[White "twofoxniel"]
[Black "King_bg03"]
[Result "1-0"]
[WhiteElo "2581"]
[BlackElo "2505"]
[PlyCount "69"]
[EventDate "2021.??.??"]
[EventType "blitz"]

1. e4 e5 2. Nf3 d5 3. exd5 e4 4. Qe2 Nf6 5. d3 Qxd5 6. Nbd2 Bf5 7. Nh4 Bg4 8.
f3 Be6 9. fxe4 Qd8 10. Nhf3 Nc6 11. c3 Bg4 12. d4 Qd7 13. d5 Ne7 14. Qb5 Qxb5
15. Bxb5+ c6 16. dxc6 bxc6 17. Ba4 Nd7 18. Nd4 Nc5 19. Bc2 O-O-O 20. N2b3 Ne6
21. O-O Nxd4 22. cxd4 Be2 23. Rxf7 Bc4 24. Rf2 Bxb3 25. axb3 Rxd4 26. Rxa7 Rd7
27. Ra8+ Kb7 28. Raxf8 Rxf8 29. Rxf8 Ng6 30. Rf1 Ne5 31. Bf4 Ng6 32. Be3 Ne5
33. Ra1 Kb8 34. Bf4 Re7 35. Ra5 {Normal} 1-0

[Event "Rated Blitz game"]
[Site "?"]
[Date "2021.06.10"]
[Round "?"]
[White "maminatetka"]
[Black "khalid_ontawar"]
[Result "0-1"]
[WhiteElo "2433"]
[BlackElo "2373"]
[PlyCount "120"]
[EventDate "2021.??.??"]
[EventType "blitz"]

1. e4 e5 2. Nf3 d5 3. Nxe5 Qe7 4. d4 f6 5. Qh5+ g6 6. Nxg6 Qxe4+ 7. Be2 Qxg6 8.
Qxd5 h5 9. Nc3 Bd6 10. Be3 Ne7 11. Qb3 Nbc6 12. O-O-O Bf5 13. d5 Ne5 14. Qxb7
O-O 15. Rd2 a6 16. Qb3 Rfb8 17. Qa4 Bd7 18. Qh4 Nf5 19. Qxh5 Qxh5 20. Bxh5 Nxe3
21. fxe3 Nc4 22. b3 Nxd2 23. Kxd2 Bb4 24. Bf3 Rd8 25. Kd3 Bxc3 26. Kxc3 Rac8
27. Rd1 Kf7 28. Kb2 Ke7 29. c4 c6 30. d6+ Kf7 31. c5 Be6 32. h3 f5 33. Rd4 Bd5
34. Bxd5+ cxd5 35. b4 Ke6 36. Rh4 Rg8 37. Rh6+ Kd7 38. Rh7+ Kc6 39. a4 a5 40.
Kb3 axb4 41. Kxb4 Rb8+ 42. Kc3 Kxc5 43. d7 Rxg2 44. a5 Ra2 45. Kd3 Ra3+ 46. Ke2
Rxa5 47. h4 Ra4 48. h5 Rd8 49. h6 Ra7 50. Rf7 Rdxd7 51. Rxf5 Rh7 52. e4 Rxh6
53. Rxd5+ Kc4 54. Rd8 Rh2+ 55. Ke3 Ra3+ 56. Kf4 Rh4+ 57. Ke5 Ra5+ 58. Kf6 Rxe4
59. Rc8+ Kd3 60. Ra8 Ra6+ {Time forfeit} 0-1

[Event "Rated Blitz game"]
[Site "?"]
[Date "2021.06.10"]
[Round "?"]
[White "reyzandocam"]
[Black "ahoramahora"]
[Result "0-1"]
[WhiteElo "2437"]
[BlackElo "2394"]
[PlyCount "146"]
[EventDate "2021.??.??"]
[EventType "blitz"]

1. e4 e5 2. Nf3 d5 3. Nxe5 Bd6 4. d4 dxe4 5. Qh5 Bxe5 6. Qxe5+ Ne7 7. Qxg7 Rg8
8. Qxh7 Qxd4 9. Nc3 Bf5 10. Qh4 Nbc6 11. Be3 Qb4 12. O-O-O Rg4 13. Qh8+ Rg8 14.
Qf6 Rg6 15. Qh8+ Rg8 16. Qh5 Bg4 17. Qh4 Bxd1 18. Nxd1 O-O-O 19. Nc3 Nd5 20.
Bd2 e3 21. Qxb4 exd2+ 22. Kd1 Ncxb4 23. Kxd2 Rge8 24. Bd3 Nxd3 25. cxd3 Nxc3
26. bxc3 Rd6 27. h4 Red8 28. Rh3 c5 29. g4 f5 30. g5 f4 31. Ke2 c4 32. d4 b5
33. a3 a5 34. h5 Rd5 35. g6 Rg5 36. Kf3 b4 37. axb4 axb4 38. Kxf4 Rg1 39. cxb4
Rxd4+ 40. Ke5 Rd3 41. Rh4 c3 42. h6 Rxg6 43. h7 Rd8 44. h8=Q Rxh8 45. Rxh8+ Kb7
46. Kd4 c2 47. Rh1 Kb6 48. Rc1 Rc6 49. Kd3 Kb5 50. Rxc2 Rd6+ 51. Ke4 Kxb4 52.
f4 Kb3 53. Rc8 Re6+ 54. Kf5 Rc6 55. Kg5 Rxc8 56. f5 Kc4 57. f6 Kd5 58. Kg6 Ke6
59. f7 Ke7 60. Kg7 Rf8 61. Kg6 Rxf7 62. Kg5 Rf6 63. Kg4 Ke6 64. Kg3 Rf5 65. Kg2
Ke5 66. Kg3 Rf4 67. Kh3 Ke4 68. Kg2 Ke3 69. Kh3 Rd4 70. Kg2 Rg4+ 71. Kh3 Kf3
72. Kh2 Kf2 73. Kh1 Rh4# {Normal} 0-1

[Event "Rated Blitz game"]
[Site "?"]
[Date "2021.06.10"]
[Round "?"]
[White "sheldem"]
[Black "blastol"]
[Result "1-0"]
[WhiteElo "2395"]
[BlackElo "2401"]
[PlyCount "103"]
[EventDate "2021.??.??"]
[EventType "blitz"]

1. e4 e5 2. Nf3 d5 3. Nc3 dxe4 4. Nxe4 f5 5. Ng3 e4 6. Ng1 Nf6 7. d3 Bc5 8. Be2
Qe7 9. Nh3 Nc6 10. O-O Nd4 11. c3 Nxe2+ 12. Qxe2 exd3 13. Qxd3 O-O 14. Qc4+ Kh8
15. Bg5 Be6 16. Qh4 Qf7 17. Nf4 Bc4 18. Rfe1 Ng4 19. Nh3 Rae8 20. b3 Bd5 21.
Rf1 Bc6 22. Kh1 Qd5 23. f3 Ne3 24. Bxe3 Bxe3 25. Rad1 Qe5 26. f4 Qf6 27. Qxf6
Rxf6 28. Ng5 h6 29. Nf3 Bxf4 30. Nh5 Bg5 31. Nxf6 Bxf6 32. Nd4 Be4 33. Nxf5
Bxc3 34. Ng3 Bc6 35. Rc1 Be5 36. Rfe1 Bxg3 37. Rxe8+ Bxe8 38. hxg3 Bc6 39. Re1
Kg8 40. Re7 Kf8 41. Rxc7 a6 42. Kg1 Bd5 43. Kf2 g6 44. Ke3 h5 45. Kd4 Bc6 46.
Ke5 Ke8 47. Kf6 Kd8 48. Re7 Bxg2 49. Rg7 Be4 50. Ke5 Bf5 51. Kd6 Kc8 52. Rg8# {
Normal} 1-0

[Event "Rated Blitz game"]
[Site "?"]
[Date "2021.06.10"]
[Round "?"]
[White "Jano83"]
[Black "KinzyabulatovRenat"]
[Result "1/2-1/2"]
[WhiteElo "2408"]
[BlackElo "2404"]
[PlyCount "111"]
[EventDate "2021.??.??"]
[EventType "blitz"]

1. e4 e5 2. Nf3 d5 3. exd5 e4 4. Qe2 Nf6 5. Nc3 Be7 6. Nxe4 Nxd5 7. d4 O-O 8.
c4 Bb4+ 9. Bd2 Bxd2+ 10. Nfxd2 Nb4 11. O-O-O Qxd4 12. Nf3 Qb6 13. a3 N4c6 14.
c5 Qb3 15. Qc4 Be6 16. Qxb3 Bxb3 17. Rd2 a5 18. Bb5 a4 19. Re1 Ra5 20. Nc3 Na7
21. Be8 Rxc5 22. Rd8 Nbc6 23. Ra8 Nb5 24. Re3 Nxc3 25. Rxc3 Rxc3+ 26. bxc3 f6
27. Kd2 Ne5 28. Nd4 Nc4+ 29. Ke2 Nxa3 30. Nf5 g6 31. Nd4 Nb1 32. Kd3 c5 33. Nb5
a3 34. Nd6 a2 35. c4 b5 36. cxb5 c4+ 37. Kd4 Nd2 38. b6 a1=Q+ 39. Rxa1 Ba4 40.
Rxa4 Rxe8 41. Ra8 Rxa8 42. b7 Rb8 43. Kc3 Ne4+ 44. Kxc4 Nxd6+ 45. Kc5 Rxb7 46.
Kc6 Rb2 47. Kxd6 Rxf2 48. Ke6 Rxg2 49. Kxf6 Rxh2 50. Kg5 Kg7 51. Kf4 h6 52. Kg3
g5 53. Kxh2 Kg6 54. Kg3 h5 55. Kf3 g4+ 56. Ke4 {Time forfeit} 1/2-1/2

[Event "Rated Blitz game"]
[Site "?"]
[Date "2021.06.10"]
[Round "?"]
[White "Capitan-FE"]
[Black "KinzyabulatovRenat"]
[Result "1-0"]
[WhiteElo "2409"]
[BlackElo "2398"]
[PlyCount "97"]
[EventDate "2021.??.??"]
[EventType "blitz"]

1. e4 e5 2. Nf3 d5 3. Nxe5 Bd6 4. d4 dxe4 5. Nc4 Nf6 6. Nc3 O-O 7. Be2 Nc6 8.
O-O Nxd4 9. Nxd6 Qxd6 10. Be3 c5 11. Bxd4 cxd4 12. Nb5 Qe5 13. Qxd4 Qg5 14. Qe3
Qxe3 15. fxe3 Nd5 16. Kf2 a6 17. Nd4 Be6 18. c4 Nb4 19. a3 Nc6 20. b4 Rfd8 21.
Rfd1 Ne5 22. Rac1 Rac8 23. c5 Kf8 24. h3 Ke7 25. a4 f5 26. b5 axb5 27. axb5 g5
28. g3 Rd5 29. Nxf5+ Kf6 30. Rxd5 Bxd5 31. Nd4 Ke7 32. Rd1 Rxc5 33. Nf5+ Kf6
34. Nd6 Ke6 35. Ne8 Nd7 36. Ng7+ Ke5 37. Nh5 Rc2 38. Ke1 Nc5 39. g4 Bc4 40.
Bxc4 Rxc4 41. Ng3 Rc2 42. Rd4 Rg2 43. Ne2 b6 44. Rd8 Rh2 45. Re8+ Kd5 46. Nc3+
Kc4 47. Nxe4 Nd3+ 48. Kf1 Rxh3 49. Kg2 {Time forfeit} 1-0

[Event "Rated Blitz game"]
[Site "?"]
[Date "2021.06.10"]
[Round "?"]
[White "hmnotanatix"]
[Black "khalid_ontawar"]
[Result "1/2-1/2"]
[WhiteElo "2463"]
[BlackElo "2374"]
[PlyCount "121"]
[EventDate "2021.??.??"]
[EventType "blitz"]

1. e4 e5 2. Nf3 d5 3. exd5 e4 4. c4 exf3 5. Qxf3 Nf6 6. d4 Bg4 7. Qd3 Bb4+ 8.
Nc3 Qe7+ 9. Be3 Bxc3+ 10. Qxc3 Na6 11. h3 Bf5 12. O-O-O Qb4 13. Qxb4 Nxb4 14.
a3 Na6 15. f3 O-O 16. g4 Bd7 17. b4 Rfe8 18. Bg5 h6 19. Bxf6 gxf6 20. Bd3 Re3
21. Rhf1 Rae8 22. Kd2 R3e7 23. c5 Kg7 24. f4 c6 25. d6 Re3 26. Rh1 Nb8 27. Rde1
Rxe1 28. Rxe1 Rxe1 29. Kxe1 f5 30. Be2 fxg4 31. hxg4 f5 32. gxf5 Bxf5 33. Kd2
Nd7 34. a4 a6 35. b5 axb5 36. axb5 Nf6 37. bxc6 bxc6 38. Bf3 Bd7 39. Kc3 h5 40.
Kb4 h4 41. Ka5 h3 42. Kb6 h2 43. Kc7 Be6 44. f5 Bd5 45. Bxd5 Nxd5+ 46. Kxc6
h1=Q 47. d7 Nf6+ 48. Kc7 Nxd7 49. Kxd7 Qd5+ 50. Kc7 Qxd4 51. c6 Kf7 52. Kb7 Qa4
53. f6 Kxf6 54. c7 Qb5+ 55. Ka8 Qa6+ 56. Kb8 Qb6+ 57. Ka8 Qa6+ 58. Kb8 Qb5+ 59.
Ka8 Qa4+ 60. Kb8 Qb5+ 61. Ka8 {Normal} 1/2-1/2

[Event "Rated Blitz game"]
[Site "?"]
[Date "2021.06.10"]
[Round "?"]
[White "Big_Bad_Knight"]
[Black "blastol"]
[Result "0-1"]
[WhiteElo "2413"]
[BlackElo "2390"]
[PlyCount "100"]
[EventDate "2021.??.??"]
[EventType "blitz"]

1. e4 e5 2. Nf3 d5 3. Nxe5 Bd6 4. d4 dxe4 5. Nc4 Nf6 6. Nxd6+ Qxd6 7. Be2 Nc6
8. c3 Be6 9. g3 O-O 10. Nd2 Bh3 11. Nc4 Qe7 12. Bg5 h6 13. Be3 b5 14. Nd2 b4
15. Qc2 bxc3 16. bxc3 Rab8 17. Bf1 Bg4 18. h3 Bh5 19. g4 Bg6 20. Be2 Nd5 21. h4
Qa3 22. Nb3 a5 23. Bc1 Qe7 24. Be3 Qa3 25. Bc1 Qe7 26. Be3 Ndb4 27. cxb4 Nxb4
28. Qd2 a4 29. Nc5 f5 30. h5 Bh7 31. g5 f4 32. Bxf4 Nd3+ 33. Bxd3 exd3+ 34. Be5
hxg5 35. h6 Rf5 36. Rg1 Rxe5+ 37. dxe5 Qxe5+ 38. Kd1 Qxc5 39. Rxg5 Qc2+ 40.
Qxc2 dxc2+ 41. Kd2 Rb1 42. Rxg7+ Kh8 43. Rg1 Rb2 44. Kc3 Rb1 45. Kd2 Rb5 46.
Rac1 Rd5+ 47. Ke3 Rc5 48. f4 Rc3+ 49. Kd4 Rd3+ 50. Kc5 Rf3 {Time forfeit} 0-1

[Event "Rated Blitz game"]
[Site "?"]
[Date "2021.06.10"]
[Round "?"]
[White "Buzilo"]
[Black "khalid_ontawar"]
[Result "0-1"]
[WhiteElo "2382"]
[BlackElo "2400"]
[PlyCount "76"]
[EventDate "2021.??.??"]
[EventType "blitz"]

1. e4 e5 2. Nf3 d5 3. exd5 e4 4. Qe2 Nf6 5. d3 Bf5 6. Nbd2 Qxd5 7. dxe4 Bxe4 8.
Nxe4 Qxe4 9. Qxe4+ Nxe4 10. Be3 Nc6 11. O-O-O a6 12. Bc4 Nd6 13. Bd5 O-O-O 14.
Bxc6 bxc6 15. Ne5 Kb7 16. Rd3 f6 17. Rb3+ Ka8 18. Nxc6 Re8 19. Re1 Nc4 20. Bd2
Bd6 21. Rxe8+ Rxe8 22. Kd1 Bc5 23. Rc3 Nxd2 24. Rxc5 Ne4 25. Rc4 Nxf2+ 26. Kd2
Ne4+ 27. Kd1 Re6 28. b4 Rd6+ 29. Kc1 Ng5 30. a4 Nf7 31. b5 axb5 32. axb5 Kb7
33. Ra4 Kb6 34. c4 Ne5 35. Kc2 Nxc6 36. bxc6 Rxc6 37. Kd3 Rd6+ 38. Kc3 Rd1 {
Normal} 0-1

[Event "Rated Blitz game"]
[Site "?"]
[Date "2021.06.10"]
[Round "?"]
[White "IDantesI"]
[Black "jflup"]
[Result "0-1"]
[WhiteElo "2360"]
[BlackElo "2477"]
[PlyCount "140"]
[EventDate "2021.??.??"]
[EventType "blitz"]

1. e4 e5 2. Nf3 d5 3. Nxe5 Bd6 4. d4 dxe4 5. Be3 Bxe5 6. dxe5 Qxd1+ 7. Kxd1 Nc6
8. Bb5 Nge7 9. Nc3 Bf5 10. Ke2 O-O-O 11. Rad1 Rxd1 12. Rxd1 Nxe5 13. h3 a6 14.
Ba4 f6 15. Bc5 N7c6 16. Ke3 Nc4+ 17. Kf4 Bg6 18. Bb3 b5 19. Bxc4 bxc4 20. Nxe4
Re8 21. f3 Bxe4 22. fxe4 g5+ 23. Kf3 Kb7 24. h4 Ne5+ 25. Kf2 Kc6 26. Ba3 gxh4
27. Rh1 Ng6 28. Kf3 Rd8 29. Bb4 Kb5 30. Bc3 Rd6 31. Kg4 Kc6 32. Kf5 Ne7+ 33.
Kf4 Kd7 34. Kg4 Ng6 35. Kf5 Ke7 36. Rh3 Kf7 37. Bb4 Rd1 38. Bc3 Ne7+ 39. Kf4
Rg1 40. Kf3 Ke6 41. Kf2 Rc1 42. Rxh4 Rxc2+ 43. Ke3 Rxg2 44. Rxh7 Rg3+ 45. Kf2
Rg8 46. Rh5 Nc6 47. Rc5 Kd6 48. Rxc4 Rh8 49. Kg2 Rh6 50. Ra4 Kc5 51. Rxa6 Rg6+
52. Kf2 Rg4 53. Ra8 Rxe4 54. Rf8 Re6 55. Bxf6 Nb4 56. Bc3 Nxa2 57. Rf5+ Kc4 58.
Ra5 Nxc3 59. bxc3 Kxc3 60. Rc5+ Kd2 61. Rxc7 Rf6+ 62. Kg3 Rd6 63. Kh4 Rd3 64.
Rf7 Rd4+ 65. Kg5 Kd3 66. Kh6 Kc3 67. Kg7 Rd5 68. Kg8 Rd6 69. Rf8 Rd5 70. Rf7
Rc5 {Time forfeit} 0-1

[Event "Rated Blitz game"]
[Site "?"]
[Date "2021.06.10"]
[Round "?"]
[White "Capitan-FE"]
[Black "khalid_ontawar"]
[Result "0-1"]
[WhiteElo "2405"]
[BlackElo "2380"]
[PlyCount "70"]
[EventDate "2021.??.??"]
[EventType "blitz"]

1. e4 e5 2. Nf3 d5 3. Nxe5 Qe7 4. d4 f6 5. Qh5+ g6 6. Nxg6 Qxe4+ 7. Be2 Qxg6 8.
Qxd5 h5 9. Nc3 Bd6 10. Be3 Ne7 11. Qb3 Nbc6 12. O-O-O Bf5 13. d5 Ne5 14. h3 a6
15. g4 hxg4 16. hxg4 Rxh1 17. Rxh1 Bd7 18. Qxb7 Rd8 19. g5 Bg4 20. Rh8+ Kd7 21.
Rxd8+ Kxd8 22. gxf6 Qxf6 23. Qb8+ Nc8 24. Bxa6 Bd7 25. b3 Ng4 26. Bd2 Bf4 27.
Bxc8 Bxc8 28. Bxf4 Qxf4+ 29. Kb2 Qd4 30. d6 cxd6 31. Qb5 Nxf2 32. a4 Nd1+ 33.
Kc1 Nxc3 34. Qg5+ Kc7 35. Qg7+ Qxg7 {Normal} 0-1

[Event "Rated Blitz game"]
[Site "?"]
[Date "2021.06.10"]
[Round "?"]
[White "Tobermorey"]
[Black "KinzyabulatovRenat"]
[Result "1-0"]
[WhiteElo "2458"]
[BlackElo "2363"]
[PlyCount "103"]
[EventDate "2021.??.??"]
[EventType "blitz"]

1. e4 e5 2. Nf3 d5 3. exd5 e4 4. Nd4 Qxd5 5. Nb5 Qe5 6. Be2 Bd7 7. d4 exd3 8.
Qxd3 a6 9. Nd4 Bd6 10. Nc3 Nf6 11. Nf3 Qe7 12. Bg5 Bc6 13. O-O-O Nbd7 14. Rhe1
O-O-O 15. Nd4 Ne5 16. Qg3 h6 17. Bf4 Bd7 18. Bxa6 Nh5 19. Nd5 Nxg3 20. Nxe7+
Bxe7 21. Bxe5 bxa6 22. hxg3 Bf8 23. Nf3 f6 24. Bc3 Bd6 25. Nd4 Rhe8 26. Rxe8
Rxe8 27. Re1 Rxe1+ 28. Bxe1 c5 29. Nf3 Bc6 30. Bd2 Kd7 31. Bf4 Be7 32. Be3 Ke6
33. Kd2 Kf5 34. b3 Kg4 35. Nh2+ Kf5 36. c4 g5 37. f3 h5 38. g4+ Kg6 39. gxh5+
Kxh5 40. Bf2 f5 41. g4+ Kg6 42. Ke3 f4+ 43. Ke2 Bd6 44. Nf1 Kf6 45. Nd2 Ke6 46.
Kd3 Ke5 47. Bg1 a5 48. Bf2 a4 49. Be1 axb3 50. axb3 Bd7 51. Ne4 Bc6 52. Bc3+ {
Time forfeit} 1-0

[Event "Rated Blitz game"]
[Site "?"]
[Date "2021.06.10"]
[Round "?"]
[White "YourDentist93"]
[Black "KinzyabulatovRenat"]
[Result "0-1"]
[WhiteElo "2465"]
[BlackElo "2378"]
[PlyCount "110"]
[EventDate "2021.??.??"]
[EventType "blitz"]

1. e4 e5 2. Nf3 d5 3. Nxe5 Bd6 4. d4 dxe4 5. Be2 Nf6 6. Bg5 Be7 7. O-O O-O 8.
Nd2 Nc6 9. Nxc6 bxc6 10. c3 Re8 11. Re1 Rb8 12. Qc2 Bf5 13. Nc4 Bg6 14. Ne5 Rb6
15. Bc4 Nd5 16. Bxe7 Rxe7 17. Nxg6 hxg6 18. Rxe4 Rxe4 19. Qxe4 Rxb2 20. Qf3 Qf6
21. Bxd5 cxd5 22. Qe3 Qf5 23. g3 Rb1+ 24. Rxb1 Qxb1+ 25. Kg2 Qxa2 26. Qe8+ Kh7
27. Qxf7 Qc4 28. h4 a5 29. h5 gxh5 30. Qxh5+ Kg8 31. Qe8+ Kh7 32. g4 Qxc3 33.
Qh5+ Kg8 34. Qxd5+ Kh7 35. Qe4+ g6 36. Qe7+ Kg8 37. Qe8+ Kg7 38. Qe7+ Kg8 39.
Qd8+ Kg7 40. g5 Qc6+ 41. d5 Qd6 42. Qa8 a4 43. f3 a3 44. Qa5 Qe5 45. Kf2 Qxg5
46. Qxc7+ Kh6 47. Qh2+ Kg7 48. Qc7+ Kh6 49. d6 Qd2+ 50. Kg3 a2 51. d7 a1=Q 52.
d8=Q Qg1+ 53. Kh3 Qf1+ 54. Kg4 Qdg2+ 55. Qg3 Qfxf3+ {Time forfeit} 0-1

[Event "Rated Blitz game"]
[Site "?"]
[Date "2021.06.10"]
[Round "?"]
[White "RookAndRollAllKnight"]
[Black "ahoramahora"]
[Result "0-1"]
[WhiteElo "2410"]
[BlackElo "2390"]
[PlyCount "120"]
[EventDate "2021.??.??"]
[EventType "blitz"]

1. e4 e5 2. Nf3 d5 3. Nxe5 Bd6 4. d4 dxe4 5. Bc4 Bxe5 6. dxe5 Qxd1+ 7. Kxd1 Nc6
8. Bf4 Nge7 9. Bg3 Bg4+ 10. Ke1 O-O-O 11. Nc3 Nd4 12. Rc1 b5 13. Bxf7 b4 14.
Nxe4 Nxc2+ 15. Kf1 Rhf8 16. Bb3 Nd4 17. h3 Be2+ 18. Kg1 Bd3 19. Nc5 Ne2+ 20.
Kh2 Nxc1 21. Rxc1 Nf5 22. Ne6 Nxg3 23. Kxg3 Rfe8 24. Nxd8 Rxd8 25. e6 Bg6 26.
Rc4 Rd2 27. Rxb4 Rxb2 28. a3 a5 29. Rb5 Be8 30. Rd5 Rxb3+ 31. f3 Re3 32. Rxa5
Rxe6 33. Ra8+ Kd7 34. Ra4 Re3 35. Rd4+ Ke7 36. Kf4 Rxa3 37. Re4+ Kf7 38. Rc4 c6
39. Rb4 Bd7 40. Rb7 Ke7 41. Ke5 Ra5+ 42. Kf4 Rb5 43. g4 Rxb7 44. Kg3 Rb3 45. h4
c5 46. h5 Bc6 47. h6 Rxf3+ 48. Kh4 g6 49. Kg5 Rf1 50. Kh4 Rg1 51. Kg5 Bf3 52.
Kh4 Rxg4+ 53. Kh3 Rg5 54. Kh2 Be4 55. Kh3 Bf5+ 56. Kh2 c4 57. Kh1 c3 58. Kh2 c2
59. Kh1 c1=Q+ 60. Kh2 Qg1# {Normal} 0-1

[Event "Rated Blitz game"]
[Site "?"]
[Date "2021.06.10"]
[Round "?"]
[White "Tinopov"]
[Black "KinzyabulatovRenat"]
[Result "1-0"]
[WhiteElo "2466"]
[BlackElo "2378"]
[PlyCount "61"]
[EventDate "2021.??.??"]
[EventType "blitz"]

1. e4 e5 2. Nf3 d5 3. exd5 e4 4. Nd4 Qxd5 5. c3 Nf6 6. Qb3 Qe5 7. Be2 Bd6 8.
Qb5+ Nbd7 9. Qxe5+ Nxe5 10. f4 Nd3+ 11. Bxd3 exd3 12. O-O O-O 13. b3 Re8 14.
Ba3 c5 15. Nb5 Bf8 16. c4 Re2 17. N5c3 Bg4 18. Nxe2 dxe2 19. Re1 Re8 20. h3 Bf5
21. Nc3 Bd3 22. Kf2 Ne4+ 23. Nxe4 Rxe4 24. g3 h5 25. Rac1 h4 26. Rc3 hxg3+ 27.
Kxg3 Bb1 28. Kf3 f5 29. Re3 Bd6 30. Rxb1 Rxf4+ 31. Kxe2 {Normal} 1-0

[Event "Rated Blitz tournament Qn6CPTsm"]
[Site "?"]
[Date "2021.06.10"]
[Round "?"]
[White "Jjvito25"]
[Black "InvisibleKoT"]
[Result "1-0"]
[WhiteElo "2303"]
[BlackElo "2552"]
[PlyCount "43"]
[EventDate "2021.??.??"]
[EventType "blitz"]

1. e4 e5 2. Nf3 d5 3. d4 dxe4 4. Nxe5 Bd6 5. Nc4 Nf6 6. Nxd6+ Qxd6 7. Nc3 O-O
8. Be3 Re8 9. Be2 Nc6 10. O-O Qe7 11. Bg5 h6 12. Nd5 Qd6 13. Nxf6+ gxf6 14.
Bxh6 f5 15. Qd2 Nxd4 16. Bh5 Qf6 17. Bg5 Qh8 18. Bd1 Re6 19. c3 Nb5 20. Bb3 Rg6
21. Qd8+ Kh7 22. Bxf7 {Normal} 1-0

[Event "Rated Blitz game"]
[Site "?"]
[Date "2021.06.10"]
[Round "?"]
[White "adrinalin"]
[Black "ahoramahora"]
[Result "1-0"]
[WhiteElo "2413"]
[BlackElo "2395"]
[PlyCount "31"]
[EventDate "2021.??.??"]
[EventType "blitz"]

1. e4 e5 2. Nf3 d5 3. exd5 e4 4. Qe2 Qxd5 5. Nc3 Qd8 6. Qxe4+ Be7 7. d4 Nf6 8.
Qd3 O-O 9. Bf4 Re8 10. Be2 Nc6 11. O-O-O Bg4 12. h3 Bh5 13. Ne5 Nxe5 14. dxe5
Qxd3 15. Bxd3 Nd7 16. g4 {Normal} 1-0

[Event "Rated Blitz game"]
[Site "?"]
[Date "2021.06.10"]
[Round "?"]
[White "hmnotanatix"]
[Black "KinzyabulatovRenat"]
[Result "0-1"]
[WhiteElo "2446"]
[BlackElo "2382"]
[PlyCount "106"]
[EventDate "2021.??.??"]
[EventType "blitz"]

1. e4 e5 2. Nf3 d5 3. exd5 e4 4. d4 exf3 5. Qxf3 Nf6 6. c4 Bb4+ 7. Bd2 Qe7+ 8.
Qe3 Qxe3+ 9. fxe3 Bxd2+ 10. Nxd2 O-O 11. Bd3 Re8 12. Nf1 c6 13. dxc6 Nxc6 14.
Kd2 Nb4 15. Ng3 Nxd3 16. Kxd3 Ng4 17. Rhe1 Nxh2 18. e4 Ng4 19. b4 a5 20. b5 a4
21. a3 b6 22. e5 Bb7 23. Re2 Rad8 24. Kc3 f6 25. exf6 Rxe2 26. Nxe2 Nxf6 27. d5
Re8 28. Nd4 Re3+ 29. Kb4 Ne4 30. Ne6 Bc8 31. Nd4 Nc5 32. Rd1 h5 33. Rd2 g5 34.
d6 Bd7 35. Rd1 h4 36. Rd2 Kg7 37. Rd1 Kg6 38. Rb1 Rd3 39. Nc6 Rxd6 40. Ne5+ Kh5
41. Rf1 Re6 42. Nxd7 Nxd7 43. Kc3 Re3+ 44. Kd4 Rxa3 45. Kd5 Rc3 46. Rf7 Nc5 47.
Rf6 a3 48. Rxb6 a2 49. Kxc5 Ra3 50. Rb7 a1=Q 51. Kc6 Qf6+ 52. Kc7 Qe7+ 53. Kb6
Qd6# {Normal} 0-1

[Event "Rated Blitz game"]
[Site "?"]
[Date "2021.06.10"]
[Round "?"]
[White "sdirektor"]
[Black "khalid_ontawar"]
[Result "0-1"]
[WhiteElo "2410"]
[BlackElo "2377"]
[PlyCount "106"]
[EventDate "2021.??.??"]
[EventType "blitz"]

1. e4 e5 2. Nf3 d5 3. Nxe5 Qe7 4. d4 f6 5. Nd3 dxe4 6. Nf4 Bf5 7. Nc3 Nd7 8.
Be3 O-O-O 9. Bc4 Nb6 10. Bb3 g5 11. Nfd5 Nxd5 12. Nxd5 Qd6 13. c4 Ne7 14. c5
Qa6 15. Nxe7+ Bxe7 16. Qe2 Qxe2+ 17. Kxe2 Bg4+ 18. f3 exf3+ 19. gxf3 Bf5 20.
Rad1 c6 21. h4 h6 22. Kf2 Kc7 23. f4 g4 24. h5 Be4 25. Rhe1 f5 26. Bf7 Bh4+ 27.
Ke2 Bxe1 28. Kxe1 Rh7 29. Bg6 Re7 30. Kf2 Rg8 31. b4 Reg7 32. Bc1 Re7 33. Re1
Rf8 34. Bb2 Kd8 35. Kg3 Bd5 36. Re5 Rxe5 37. dxe5 Ke7 38. a4 Ke6 39. b5 Rd8 40.
Bh7 cxb5 41. axb5 Rd7 42. Ba3 Rd8 43. Bb4 Bc4 44. c6 bxc6 45. bxc6 Rd3+ 46. Kf2
g3+ 47. Kg1 Kf7 48. c7 Bd5 49. Kf1 g2+ 50. Kf2 Rd1 51. c8=Q g1=Q+ 52. Ke2 Qf1+
53. Ke3 Qf3# {Normal} 0-1

[Event "Rated Blitz game"]
[Site "?"]
[Date "2021.06.10"]
[Round "?"]
[White "ofentseNato"]
[Black "fuglfonix"]
[Result "0-1"]
[WhiteElo "2274"]
[BlackElo "2415"]
[PlyCount "82"]
[EventDate "2021.??.??"]
[EventType "blitz"]

1. e4 e5 2. Nf3 d5 3. d4 dxe4 4. Nxe5 Bd6 5. Nc4 f5 6. Nxd6+ cxd6 7. Qh5+ g6 8.
Qd1 Be6 9. d5 Bf7 10. Be3 Nf6 11. Nc3 O-O 12. h4 h5 13. Bd4 Nbd7 14. Qd2 Kh7
15. O-O-O a6 16. f3 exf3 17. gxf3 b5 18. Ne2 Bxd5 19. Nf4 Bxf3 20. Rg1 Bg4 21.
Nh3 Ne4 22. Qf4 Qxh4 23. Nf2 Qg5 24. Qxg5 Nxg5 25. Re1 Rf7 26. Bg2 Nf3 27. Bxf3
Bxf3 28. Nh3 Bg4 29. Ng5+ Kg8 30. Nxf7 Kxf7 31. Re3 Re8 32. Rxe8 Kxe8 33. Re1+
Kf7 34. Be3 Ne5 35. Bf4 Ke6 36. b3 h4 37. c4 bxc4 38. b4 Kd7 39. Bxe5 dxe5 40.
Rxe5 h3 41. Re1 Bf3 {Normal} 0-1

[Event "Rated Blitz game"]
[Site "?"]
[Date "2021.06.10"]
[Round "?"]
[White "Level_Easy"]
[Black "fuglfonix"]
[Result "0-1"]
[WhiteElo "2277"]
[BlackElo "2422"]
[PlyCount "84"]
[EventDate "2021.??.??"]
[EventType "blitz"]

1. e4 e5 2. Nf3 d5 3. Nxe5 Bd6 4. d4 dxe4 5. Nc4 Nc6 6. Be2 f5 7. O-O Nf6 8.
Bg5 O-O 9. c3 Qe8 10. Nxd6 cxd6 11. Nd2 Qg6 12. Bf4 d5 13. Qb3 Kh8 14. Kh1 Rb8
15. Bxb8 Nxb8 16. f4 exf3 17. Bxf3 Be6 18. Rae1 Ne4 19. Bxe4 dxe4 20. d5 Bg8
21. c4 Nd7 22. Qg3 Qh6 23. Nb3 f4 24. Qh3 Qxh3 25. gxh3 e3 26. Nd4 g5 27. Ne6
h6 28. Nxf8 Nxf8 29. Kg1 Bh7 30. h4 Ng6 31. hxg5 hxg5 32. h3 Ne5 33. b3 Be4 34.
Re2 Bd3 35. Rfe1 Bxe2 36. Rxe2 Kg7 37. Rh2 Kf6 38. c5 Nf3+ 39. Kg2 Nxh2 40.
Kxh2 e2 41. Kg2 e1=Q 42. Kf3 Qd2 {Time forfeit} 0-1

[Event "Rated Blitz tournament QvA71ZJ7"]
[Site "?"]
[Date "2021.06.10"]
[Round "?"]
[White "jeffforever"]
[Black "Senor_de_los_vientos"]
[Result "1/2-1/2"]
[WhiteElo "2524"]
[BlackElo "2367"]
[PlyCount "150"]
[EventDate "2021.??.??"]
[EventType "blitz"]

1. e4 e5 2. Nf3 d5 3. exd5 e4 4. Qe2 Nf6 5. Nc3 Be7 6. Nxe4 Nxd5 7. Qd1 O-O 8.
Be2 c5 9. O-O Nc6 10. d4 f5 11. Nxc5 Nf6 12. c3 Ne4 13. Bc4+ Kh8 14. Ne6 Bxe6
15. Bxe6 Bd6 16. Re1 Qf6 17. d5 Ne5 18. Nxe5 Qxe5 19. g3 Qf6 20. Qf3 Rae8 21.
Be3 b6 22. Rad1 g5 23. Bd4 Be5 24. Bxe5 Qxe5 25. Qe3 g4 26. Qd4 Qxd4 27. cxd4
Ng5 28. Re3 Rf6 29. Kg2 Nxe6 30. dxe6 Rfxe6 31. Rxe6 Rxe6 32. d5 Rd6 33. f4 Kg7
34. Kf2 Kf7 35. Ke3 Ke7 36. Kd4 Rh6 37. Rd2 Kd6 38. Rc2 Rh3 39. a4 h5 40. b4 h4
41. gxh4 Rxh4 42. Rc6+ Kd7 43. Rf6 Rxh2 44. Rxf5 Rb2 45. Kc4 g3 46. Rg5 g2 47.
Rg6 Rf2 48. Kb5 Kc7 49. Ka6 Rxf4 50. Rg7+ Kd6 51. Kxa7 Rxb4 52. Rxg2 Rxa4+ 53.
Kxb6 Kxd5 54. Rd2+ Ke4 55. Rb2 Rd4 56. Kc5 Rd1 57. Re2+ Kf3 58. Re6 Rc1+ 59.
Kd6 Rd1+ 60. Ke7 Kg4 61. Kf7 Rf1+ 62. Kg7 Rf2 63. Rg6+ Kh3 64. Rh6+ Kg2 65.
Rg6+ Kf1 66. Rd6 Rg2+ 67. Kf6 Rf2+ 68. Ke7 Re2+ 69. Kd8 Ke1 70. Rf6 Rd2+ 71.
Kc7 Rc2+ 72. Kd6 Rd2+ 73. Ke7 Re2+ 74. Kf7 Rf2 75. Rxf2 Kxf2 {Normal} 1/2-1/2

[Event "Rated Blitz game"]
[Site "?"]
[Date "2021.06.10"]
[Round "?"]
[White "Helois23"]
[Black "Razario90"]
[Result "1-0"]
[WhiteElo "2417"]
[BlackElo "2425"]
[PlyCount "131"]
[EventDate "2021.??.??"]
[EventType "blitz"]

1. e4 e5 2. Nf3 d5 3. exd5 e4 4. Ne5 Qxd5 5. d4 exd3 6. Nxd3 Nf6 7. Nc3 Qd8 8.
Bg5 Be7 9. Qf3 O-O 10. h3 Nd5 11. Bd2 Nxc3 12. Bxc3 Bg5 13. Be2 Nc6 14. O-O Nd4
15. Bxd4 Qxd4 16. Rad1 c6 17. c3 Qf6 18. Qxf6 Bxf6 19. Bf3 Bf5 20. Nc5 Rab8 21.
Nd7 Bxd7 22. Rxd7 Rfd8 23. Rfd1 Kf8 24. g4 Ke8 25. Rxd8+ Rxd8 26. Rxd8+ Kxd8
27. Kg2 Be5 28. Be4 g6 29. Kf3 Ke7 30. Ke3 Ke6 31. f4 Bc7 32. f5+ gxf5 33.
Bxf5+ Kf6 34. Bxh7 Kg5 35. Kf3 Kh4 36. Kg2 f6 37. b3 a5 38. c4 b5 39. Bf5 bxc4
40. bxc4 Bd6 41. Kf3 a4 42. Ke4 Bb4 43. Bd7 c5 44. Bxa4 Kxh3 45. Bd7 Kh4 46. a4
Kg5 47. Kd5 Kf4 48. Kc6 Ke5 49. Kb5 Kd6 50. a5 Kxd7 51. a6 Kc7 52. a7 Kb7 53.
a8=Q+ Kxa8 54. Kc6 Kb8 55. Kd6 Kc8 56. Ke6 Bc3 57. Kf5 Kc7 58. Ke4 Kd6 59. Kf5
Ke7 60. Ke4 Ke6 61. Kf4 Bd4 62. Ke4 f5+ 63. gxf5+ Kf6 64. Kf4 Ba1 65. Kg4 Bb2
66. Kf4 {Time forfeit} 1-0